| 000 | 01652nkm a2200349 i 4500 | ||
|---|---|---|---|
| 001 | 4139 | ||
| 003 | ES-MaACL | ||
| 005 | 20250713062933.0 | ||
| 007 | khrbo | ||
| 008 | 070628s1987 sp --- g |001||spa d | ||
| 100 | 0 |
_aAlfonso, _d1902-1990 _919858 |
|
| 245 | 1 | 0 |
_aPresentación del libro "Tu, amor" de Nizar Kabbani [ _hFotografía] / _cAlfonso (sello). |
| 260 |
_a[S.l. : _bs.n.], _c1987. |
||
| 300 |
_a2 fot. : _bb. y n. ; _c12 x 18 cm. |
||
| 500 | _aDatos basados en invitación. | ||
| 511 | 0 | _aIntervienen: Pedro Martínez Montávez, Inés Benito Ducós, Joaquín Benito de Lucas, Luis Alberto de Cuenca, Manuel Romero, Carmen Ruiz Bravo; coordinadora: Elsa López. | |
| 518 | _aActo organizado por el Ateneo de Madrid en colaboración con la Agrupación de Estudios Matritenses "Enrique Tierno", celebrado en la sala de conferencias el jueves, 12 de noviembre de 1987, a las 20:00 h. | ||
| 600 | 1 | 4 |
_aQabbani, Nizar. _994468 |
| 600 | 1 | 4 |
_aBenito Ducós, Inés. _927674 |
| 600 | 1 | 4 |
_aBenito de Lucas, Joaquín. _927672 |
| 600 | 1 | 4 |
_aCuenca, Luis Alberto de, _d1950- _9240908 |
| 600 | 1 | 4 |
_aRomero, Manuel. _999341 |
| 600 | 1 | 4 |
_aRuiz Bravo-Villasante, Carmen, _d1947- _9100675 |
| 600 | 1 | 4 |
_aLópez, Elsa, _d1943- _973324 |
| 600 | 1 | 4 |
_aMartínez Montávez, Pedro. _978252 |
| 610 | 2 | 4 |
_aAteneo de Madrid- _xActos culturales- _y1987- _vFotografías. _91902 |
| 710 | 2 |
_aAteneo de Madrid. _91875 |
|
| 710 | 2 |
_aAgrupación de Estudios Matritenses "Enrique Tierno" _91287 |
|
| 852 |
_aES-MaACL _jFOT 204/1987 |
||
| 856 | 4 |
_uhttp://www.ateneodemadrid.net/biblioteca_digital/imagenes/1987/0204-1987.jpg _zVer imagen |
|
| 999 |
_c4139 _d4139 |
||